000 01443nam a2200349 c 4500
003 BLK
005 20250716163325.0
008 180409b bul|||||r ||||||| ||bul||
010 _aKNG00144290000
020 _a978-954-27-0708-0
_bиздат.: Егмонт България
040 _aBLK
041 _aBUL
_cBUL
072 7 _2bullib
_aН83
_xЧужда художествена литература Н
080 _aАмериканска литература (на САЩ)
_b821.111(73)
_x-312.9
_z821.111(73)-312.9
100 1 _aРейбърн, Триша
_eпърви автор
_9323576
700 1 _aЯнева, Анелия
_eпрев. от англ.
_9365790
139 _aРейбърн, Триша
_bР 48
245 1 0 _aМъртво вълнение
_bРоман
_cТриша Рейбърн; прев. от англ. Анелия Янева.
257 _aUSA
260 София
_bЕгмонт България
_c2011
_fСофия : Алианс принт
300 _a352 с.
_c21 см
380 _aX
500 _aОриг. загл. Undercurrent: A Siren Novel / Tricia Rayburn. - Кн. 2 от трилогията Сирена.
653 _aромани
659 _aН
852 _aЦб 259545
856 4 _qpdf
_u
856 4 _qpdf
_u
942 _cKNG
_n0
_014
944 _aCR
_c21.06.2013
_lПравда Бадева
_k30567
944 _aED
_c27.03.2017
_lф /
_kЛюдмила_Стоянова
999 _c138303
_d138303